000 00681nam a2200241 i 4500
001 79266
003 ES-MaACL
005 20230906173936.0
007 t|
008 041020s1969 sp ||||1| spa d
080 _a159.961(04)
100 1 _aHerlin, Hans.
_962729
245 1 3 _aEl mundo de lo ultrasensorial /
_cHans Herlin ; [traducción de Ángel Sabrido].
250 _a1ª ed.
260 _aBarcelona :
_bPlaza & Janés,
_c1969.
300 _a313 p. ;
_c22 cm.
490 1 _aOtros mundos
650 4 _aFenómenos paranormales.
_9165382
700 1 _aSabrido, Ángel.
_9101219
830 1 _aOtros mundos
_9181412
852 _aES-MaACL
_jC-35534
999 _c79266
_d79266